Geography Quiz

Random Geography or City Quiz

Paris Bridges Over the Seine Quiz Stats

 Plays Quiz Updated Feb 5, 2016

Score 0/35 Timer 07:00
3 Plays Today
Year finished Name % Correct
1607Pont Neuf
87.6%
1984Passerelle des Arts
49%
1900Pont Alexandre III
44.7%
1974Pont de l'Alma
38.3%
1919Pont Notre-Dame
35.6%
1635Pont Marie
34.2%
1805Pont d'Austerlitz
31%
1791Pont de la Concorde
29.5%
1814Pont d'Iéna
29.2%
1904Viaduc d'Austerlitz
29%
1864Pont de Bercy
28.8%
1905Pont de Bir-Hakeim
28%
1896Pont Mirabeau
27.2%
1996Pont Charles-de-Gaulle
26.7%
1855Pont des Invalides
26.6%
1689Pont Royal
26.5%
1857Pont Saint-Michel
25.4%
1970Pont Saint-Louis
24.9%
Year finished Name % Correct
2006Passerelle Simone-de-Beauvoir
23.2%
1860Pont au Change
22.4%
1876Pont de Sully
22.1%
1968Pont de Grenelle
20.4%
1853Pont National
20%
1853Petit Pont
19.7%
1862Pont Louis-Philippe
18.6%
1828Pont de l'Archevêché
18%
1966Pont du Garigliano
18%
1882Pont Tolbiac
17.8%
1883Pont au Double
17.5%
1939Pont du Carrousel
17.2%
1999Passerelle Léopold-Sédar-Senghor
17%
1928Pont de la Tournelle
16.6%
1856Pont d'Arcole
16.2%
1900Passerelle Debilly
15.2%
1900Pont Rouelle
11.8%

You're not logged in!

Compare scores with friends on all Sporcle quizzes.
OR
Log In

Sporcle TV

Today on Sporcle TV


Watch our educational content, quiz creation guides, and fun videos on Sporcle TV.

Show Comments

Extras

Top Quizzes Today


Score Distribution

Your Account Isn't Verified!

In order to create a playlist on Sporcle, you need to verify the email address you used during registration. Go to your Sporcle Settings to finish the process.

Report this User

Report this user for behavior that violates our Community Guidelines.

Details: